<?xml version="1.0" encoding="UTF-8"?>
<record
    xmlns:xsi="http://www.w3.org/2001/XMLSchema-instance"
    xsi:schemaLocation="http://www.loc.gov/MARC21/slim http://www.loc.gov/standards/marcxml/schema/MARC21slim.xsd"
    xmlns="http://www.loc.gov/MARC21/slim">

  <leader>02955nam a2200469Ii 4500</leader>
  <controlfield tag="001">DIGANAGRA0085</controlfield>
  <controlfield tag="003">NyNyDIG</controlfield>
  <controlfield tag="006">m     o  d        </controlfield>
  <controlfield tag="007">cr |||||||||||</controlfield>
  <controlfield tag="008">150401t20142008sp      o     000 f spa d</controlfield>
  <datafield tag="035" ind1=" " ind2=" ">
    <subfield code="a">(OCoLC)992060112</subfield>
  </datafield>
  <datafield tag="040" ind1=" " ind2=" ">
    <subfield code="a">DGITA</subfield>
    <subfield code="b">eng</subfield>
    <subfield code="e">rda</subfield>
    <subfield code="e">pn</subfield>
    <subfield code="c">DGITA</subfield>
  </datafield>
  <datafield tag="020" ind1=" " ind2=" ">
    <subfield code="a">9788433934925</subfield>
    <subfield code="q">(eBook ;</subfield>
    <subfield code="q">ePub)</subfield>
  </datafield>
  <datafield tag="020" ind1=" " ind2=" ">
    <subfield code="z">9788433997777</subfield>
  </datafield>
  <datafield tag="020" ind1=" " ind2=" ">
    <subfield code="z">8433997777</subfield>
  </datafield>
  <datafield tag="050" ind1="1" ind2="4">
    <subfield code="a">PQ6669.A67972 eBook</subfield>
  </datafield>
  <datafield tag="100" ind1="1" ind2=" ">
    <subfield code="a">Sanz, Marta,</subfield>
    <subfield code="d">1967-</subfield>
    <subfield code="e">author.</subfield>
  </datafield>
  <datafield tag="245" ind1="1" ind2="3">
    <subfield code="a">La lecci&#xF3;n de anatom&#xED;a /</subfield>
    <subfield code="c">Marta Sanz ; [pr&#xF3;logo de Rafael Chirbes].</subfield>
  </datafield>
  <datafield tag="250" ind1=" " ind2=" ">
    <subfield code="a">Edici&#xF3;n en formato digital.</subfield>
  </datafield>
  <datafield tag="264" ind1=" " ind2="1">
    <subfield code="a">Barcelona :</subfield>
    <subfield code="b">Editorial Anagrama,</subfield>
    <subfield code="c">abril de 2014.</subfield>
  </datafield>
  <datafield tag="264" ind1=" " ind2="4">
    <subfield code="c">&#xA9;2008</subfield>
  </datafield>
  <datafield tag="300" ind1=" " ind2=" ">
    <subfield code="a">1 online resource</subfield>
  </datafield>
  <datafield tag="336" ind1=" " ind2=" ">
    <subfield code="a">text</subfield>
    <subfield code="b">txt</subfield>
    <subfield code="2">rdacontent</subfield>
  </datafield>
  <datafield tag="337" ind1=" " ind2=" ">
    <subfield code="a">computer</subfield>
    <subfield code="b">c</subfield>
    <subfield code="2">rdamedia</subfield>
  </datafield>
  <datafield tag="338" ind1=" " ind2=" ">
    <subfield code="a">online resource</subfield>
    <subfield code="b">cr</subfield>
    <subfield code="2">rdacarrier</subfield>
  </datafield>
  <datafield tag="490" ind1="1" ind2=" ">
    <subfield code="a">Narrativas hisp&#xE1;nicas ;</subfield>
    <subfield code="v">530</subfield>
  </datafield>
  <datafield tag="500" ind1=" " ind2=" ">
    <subfield code="a">A novel.</subfield>
  </datafield>
  <datafield tag="500" ind1=" " ind2=" ">
    <subfield code="a">Originally published RBA Libros, 2008, now revised.</subfield>
  </datafield>
  <datafield tag="505" ind1="0" ind2=" ">
    <subfield code="a">Pr&#xF3;logo / por Rafael Chirbes -- Aprender a leer el reloj -- Primera parte. Vallar el jard&#xED;n -- Segunda parte. Los gusanos de seda -- Tercera parte. Desnudo.</subfield>
  </datafield>
  <datafield tag="520" ind1=" " ind2=" ">
    <subfield code="a">"Una mujer se queda desnuda para que los dem&#xE1;s la miren. La midan. Su cuerpo es el texto en el que se ha escrito su biograf&#xED;a. La mano derecha es m&#xE1;s grande que la izquierda porque es la mano con que la mujer agarra, escribe, acaricia, desencaja la tapa de los botes de legumbres. Antes, a la mujer su abuela le da unos azotazos en el culo. Va al colegio y se forja un peque&#xF1;o coraz&#xF3;n competitivo. Nada como si fuera un besugo. Ama desesperadamente a su madre y la salva de morir en un rid&#xED;culo incendio. Canta desga&#xF1;it&#xE1;ndose P&#xE1;jaro Chog&#xFC;&#xED; y se hace amiga de muchas ni&#xF1;as y mujeres, y del ni&#xF1;o m&#xE1;s gamberro de octavo de egeb&#xE9;. Desprecia a las asistentas y va cada noche a los cines de verano. Para seducir se aprieta las carnes rid&#xED;culamente como si su cuerpo fuera el de otra persona. Bebe, fuma, se pone mala y tiene miedo de sus alumnos. Se manifiesta. Se casa. Trabaja de ocho a ocho. Miente y dice la verdad. Como casi todo el mundo. Cumple cuarenta a&#xF1;os. Se queda quieta. Reclama el derecho a dejar de complacer. El derecho a la lentitud." (Publisher website).</subfield>
  </datafield>
  <datafield tag="588" ind1="0" ind2=" ">
    <subfield code="a">Online resource; title from ePub title page (Digitalia, viewed April 20, 2015)</subfield>
  </datafield>
  <datafield tag="650" ind1=" " ind2="0">
    <subfield code="a">Spanish fiction</subfield>
    <subfield code="y">21st century.</subfield>
  </datafield>
  <datafield tag="655" ind1=" " ind2="0">
    <subfield code="a">Electronic books.</subfield>
  </datafield>
  <datafield tag="700" ind1="1" ind2=" ">
    <subfield code="a">Chirbes, Rafael,</subfield>
    <subfield code="d">1949-</subfield>
    <subfield code="e">contributor agent of text.</subfield>
  </datafield>
  <datafield tag="791" ind1="2" ind2=" ">
    <subfield code="a">Digitalia (Firm),</subfield>
    <subfield code="e">distributor.</subfield>
  </datafield>
  <datafield tag="793" ind1="0" ind2=" ">
    <subfield code="g">Digitalia Hisp&#xE1;nica eBook Collection:</subfield>
    <subfield code="a">Anagrama</subfield>
  </datafield>
  <datafield tag="776" ind1="0" ind2="8">
    <subfield code="i">Print version:</subfield>
    <subfield code="a">Sanz, Marta.</subfield>
    <subfield code="t">Lecci&#xF3;n de anatom&#xED;a.</subfield>
    <subfield code="d">Barcelona : Editorial Anagrama, 2014</subfield>
    <subfield code="z">9788433997777</subfield>
    <subfield code="w">(OCoLC)880635337</subfield>
  </datafield>
  <datafield tag="830" ind1=" " ind2="0">
    <subfield code="a">Narrativas hisp&#xE1;nicas ;</subfield>
    <subfield code="v">530.</subfield>
  </datafield>
  <datafield tag="856" ind1="4" ind2="0">
    <subfield code="3">Digitalia Hisp&#xE1;nica</subfield>
    <subfield code="u">https://www.digitaliapublishing.com/a/32393/</subfield>
  </datafield>
  <datafield tag="910" ind1=" " ind2=" ">
    <subfield code="a">Premium Collection: 2016</subfield>
  </datafield>
  <datafield tag="942" ind1=" " ind2=" ">
    <subfield code="c">RAA</subfield>
  </datafield>
  <datafield tag="952" ind1=" " ind2=" ">
    <subfield code="0">0</subfield>
    <subfield code="1">0</subfield>
    <subfield code="4">0</subfield>
    <subfield code="7">0</subfield>
    <subfield code="8">DEH</subfield>
    <subfield code="a">BD-UIN</subfield>
    <subfield code="b">BD-UIN</subfield>
    <subfield code="d">2025-04-25</subfield>
    <subfield code="l">0</subfield>
    <subfield code="r">2025-04-25</subfield>
    <subfield code="w">2025-04-25</subfield>
    <subfield code="y">RAA</subfield>
  </datafield>
  <datafield tag="999" ind1=" " ind2=" ">
    <subfield code="c">241293</subfield>
    <subfield code="d">241293</subfield>
  </datafield>
</record>
